LIBRARY ONLINE CATALOGUE

The Genesis factor : (Record no. 21350)

MARC details
000 -LEADER
fixed length control field 01320cam a22003734a 4500
001 - CONTROL NUMBER
control field 12363177
003 - CONTROL NUMBER IDENTIFIER
control field OSt
005 - DATE AND TIME OF LATEST TRANSACTION
control field 20260313103645.0
008 - FIXED-LENGTH DATA ELEMENTS--GENERAL INFORMATION
fixed length control field 010329s2001 ilu b 001 0 eng
010 ## - LIBRARY OF CONGRESS CONTROL NUMBER
LC control number 2001001915
020 ## - INTERNATIONAL STANDARD BOOK NUMBER
International Standard Book Number 1581342853
Qualifying information pbk. : alk. paper
020 ## - INTERNATIONAL STANDARD BOOK NUMBER
International Standard Book Number 9781581342857
Qualifying information (pbk. : alk. paper)
035 ## - SYSTEM CONTROL NUMBER
System control number 12363177
040 ## - CATALOGING SOURCE
Original cataloging agency DLC
Transcribing agency DLC
Modifying agency DLC
042 ## - AUTHENTICATION CODE
Authentication code pcc
050 00 - LIBRARY OF CONGRESS CALL NUMBER
Classification number BS1235.52
Item number .H45 2001
082 00 - DEWEY DECIMAL CLASSIFICATION NUMBER
Classification number 239
Edition number 21
100 1# - MAIN ENTRY--PERSONAL NAME
Personal name Helm, David R.,
Dates associated with a name 1961-
245 14 - TITLE STATEMENT
Title The Genesis factor :
Remainder of title probing life's big questions /
Statement of responsibility, etc. David R. Helm, Jon M. Dennis.
260 ## - PUBLICATION, DISTRIBUTION, ETC. (IMPRINT)
Place of publication, distribution, etc. Wheaton, Ill. :
Name of publisher, distributor, etc. Crossway Books,
Date of publication, distribution, etc. c2001.
300 ## - PHYSICAL DESCRIPTION
Extent 127 p. ;
Dimensions 22 cm.
336 ## - CONTENT TYPE
Content type term text
Content type code txt
Source rdacontent
337 ## - MEDIA TYPE
Media type term unmediated
Media type code n
Source rdamedia
338 ## - CARRIER TYPE
Carrier type term volume
Carrier type code nc
Source rdacarrier
504 ## - BIBLIOGRAPHY, ETC. NOTE
Bibliography, etc Includes bibliographical references and index.
630 00 - SUBJECT ADDED ENTRY--UNIFORM TITLE
Uniform title Bible.
Name of part/section of a work Genesis, I-III
General subdivision Criticism, interpretation, etc.
630 00 - SUBJECT ADDED ENTRY--UNIFORM TITLE
Uniform title Bible
General subdivision Evidences, authority, etc.
650 #0 - SUBJECT ADDED ENTRY--TOPICAL TERM
Topical term or geographic name as entry element Apologetics.
700 1# - ADDED ENTRY--PERSONAL NAME
Personal name Dennis, Jon M.,
Dates associated with a name 1966-
906 ## - LOCAL DATA ELEMENT F, LDF (RLIN)
a 7
b cbc
c orignew
d 1
e ecip
f 20
g y-gencatlg
942 ## - ADDED ENTRY ELEMENTS (KOHA)
Source of classification or shelving scheme Library of Congress Classification
Koha item type General Collection
Holdings
Withdrawn status Lost status Source of classification or shelving scheme Not for loan Home library Current library Shelving location Date acquired Source of acquisition Inventory number Total Checkouts Full call number Barcode Date last seen Copy number Price effective from Koha item type
    Library of Congress Classification   Kabarak, Main Campus Kabarak, Main Campus General Stacks 13/03/2026 Donation 2025/2671   BS1235.52 .H45 2001 C.1 39262 13/03/2026 C.1 13/03/2026 General Collection